Automotive Mechanics Vol. 1 / (Record no. 478196)

000 -LEADER
fixed length control field 00454nam a22001817a 4500
005 - DATE AND TIME OF LATEST TRANSACTION
control field 20180406073313.0
008 - FIXED-LENGTH DATA ELEMENTS--GENERAL INFORMATION
fixed length control field 180406b ||||| |||| 00| 0 eng d
020 ## - INTERNATIONAL STANDARD BOOK NUMBER
International Standard Book Number 9780070271876
040 ## - CATALOGING SOURCE
Transcribing agency c
082 ## - DEWEY DECIMAL CLASSIFICATION NUMBER
Classification number 629.287 MAY
100 ## - MAIN ENTRY--PERSONAL NAME
Personal name May, Ed
9 (RLIN) 10195
245 ## - TITLE STATEMENT
Title Automotive Mechanics Vol. 1 /
Statement of responsibility, etc. Ed May
250 ## - EDITION STATEMENT
Edition statement 17th ed.
260 ## - PUBLICATION, DISTRIBUTION, ETC.
Place of publication, distribution, etc. Boston :
Name of publisher, distributor, etc. McGraw Hill,
Date of publication, distribution, etc. 2005.
300 ## - PHYSICAL DESCRIPTION
Extent 705p. ;
Dimensions 27 cm.
500 ## - GENERAL NOTE
General note Paperback.
942 ## - ADDED ENTRY ELEMENTS (KOHA)
Source of classification or shelving scheme
Koha item type Book
Holdings
Withdrawn status Lost status Source of classification or shelving scheme Damaged status Not for loan Permanent Location Current Location Date acquired Total Checkouts Full call number Barcode Date last seen Date last checked out Price effective from Koha item type
          School of Mechanical & Manufacturing Engineering (SMME) School of Mechanical & Manufacturing Engineering (SMME) 04/06/2018 1 629.287 MAY SMME-168 09/14/2022 11/24/2021 04/06/2018 Book
© 2023 Central Library, National University of Sciences and Technology. All Rights Reserved.